Les structures economiques de la republique federale d'allemagne
Zapisane w:
| 1. autor: | |
|---|---|
| Format: | Książka |
| Język: | Undetermined |
| Wydane: |
Paris
La Documentation Francaise
1968
|
| Hasła przedmiotowe: | |
| Etykiety: |
Dodaj etykietę
Nie ma etykietki, Dołącz pierwszą etykiete!
|
| Thư viện lưu trữ: | Trung tâm Học liệu Trường Đại học Cần Thơ |
|---|
| LEADER | 00483nam a2200169Ia 4500 | ||
|---|---|---|---|
| 001 | CTU_84860 | ||
| 008 | 210402s9999 xx 000 0 und d | ||
| 082 | |a 330 | ||
| 082 | |b S927 | ||
| 100 | |a MM. Michel debre | ||
| 245 | 0 | |a Les structures economiques de la republique federale d'allemagne | |
| 245 | 0 | |c MM. Michel debre | |
| 260 | |a Paris | ||
| 260 | |b La Documentation Francaise | ||
| 260 | |c 1968 | ||
| 650 | |a economic | ||
| 980 | |a Trung tâm Học liệu Trường Đại học Cần Thơ | ||